000 00344 a2200157 4500
001 175680
020 _a
040 _cMagnum
100 _aCalvino, Italo
240 1 0 _aO cavaleiro inexistente
_lpor
245 1 0 _aO cavaleiro inexistente
362 0 _a1899
440 1 _aCompanhia das Letras
697 _aMAGNITO: A/FICCAO
942 _cBK
999 _c175680
_d175680